[Event "Rio de Janeiro Euwe Memorial"]
[White "Iung, Alicio"]
[Black "Chagas, Fernando Paulino"]
[Site "Rio de Janeiro"]
[Round "2"]
[Result "1/2-1/2"]
[Date "2001.04.11"]
[WhiteElo "2000"]
[BlackElo "2177"]
[PlyCount "77"]
[EventDate "2001.04.10"]
[EventType "tourn"]
[EventRounds "5"]
[EventCountry "BRA"]
[SourceTitle "CBM 082 Extra"]
[Source "ChessBase"]
[SourceDate "2001.07.03"]
[SourceVersion "1"]
[SourceVersionDate "2001.07.03"]
[SourceQuality "1"]

1. d4 f5 2. e4 fxe4 3. Nc3 Nf6 4. Bg5 g6 5. Qd2 Bg7 6. f3 e3 7. Bxe3 e6 8. 0-0-0 b6 9. h4 Bb7 10. Bc4 Nc6 11. Nge2 Qe7 12. a3 0-0-0 13. Nf4 d5 14. Bb5 e5 15. Bxc6 Bxc6 16. dxe5 Qxe5 17. Bd4 Qd6 18. h5 Nxh5 19. Nxh5 Bxd4 20. Qxd4 gxh5 21. Rxh5 Qg3 22. Nxd5 Kb7 23. Qe5 Rhg8 24. Qxg3 Rxg3 25. Ne3 Rxd1+ 26. Kxd1 Rxg2 27. Rxh7 Bxf3+ 28. Kc1 Re2 29. Re7 a5 30. b3 Rh2 31. Nf5 Bg4 32. Nd4 Kc8 33. Kb2 Rf2 34. a4 Bd1 35. Kc1 Bg4 36. Rg7 Bd7 37. Rg8+ Kb7 38. Rg7 Kc8 39. Rg8+ 1/2-1/2